| 000 | 00388nam a22001577a 4500 | ||
|---|---|---|---|
| 999 |
_c982 _d982 |
||
| 008 | 200103b ||||| |||| 00| 0 eng d | ||
| 082 | 0 | 0 |
_a621.94 _bH6561 |
| 100 |
_9172 _aHilton, B. Richard |
||
| 245 | 1 | 0 |
_a(The) Lathe operator's manual _cby B Richard Hilton |
| 250 | _a2nd | ||
| 260 |
_aLondon _bPitman _c1946 |
||
| 300 | _axii,132p. | ||
| 365 | _d3.06 | ||
| 650 | 0 | _aLathes | |
| 942 | _cBK | ||